| 000 | 01068nam a2200265 b 4500 | ||
|---|---|---|---|
| 003 | OSt | ||
| 005 | 20131101150235.0 | ||
| 008 | 020226s2009 esp 000 0 spa d | ||
| 020 | _a978-970-830-014-8 | ||
| 040 |
_aBR-MU _cBMC |
||
| 082 | _a658.15 | ||
| 100 | 1 | 0 |
_aBesley, Scott _98493 |
| 245 | 1 | 0 |
_aFundamentos de administración financiera _cScott Besley, Eugene F. Brigham ; traducción, Érika M. Jasso Hernan D'Borneville ; revisión técnica, María Fernanda Gómez Albert, Néstor Mario Álvarez Rodríguez, Ricardo Cristhian Morales Pelagio |
| 250 | _a14ª ed | ||
| 260 |
_aMéxico, D.F. _bCengage Learning _c2009 |
||
| 300 |
_aXVII; 819 p. _c27 cm |
||
| 595 | _aTraducción de: Essentials of managerial finance, 14th ed. | ||
| 650 | 2 | 4 |
_aEmpresas _xFinanzas _95713 |
| 700 | 1 |
_aBrigham, Eugene F. _98494 |
|
| 700 | 1 |
_aJasso Hernand Borneville, Erika Montserrat _97474 |
|
| 700 | 1 |
_aGómez Albert, María Fernanda _98495 |
|
| 700 | 1 |
_aÁlvarez Rodríguez, Néstor Mario _98496 |
|
| 700 | 1 |
_aMorales Pelagio, Ricardo Cristhian _98497 |
|
| 942 |
_2ddc _cBK |
||
| 999 |
_c3707 _d3707 |
||